000 00746nam a2200205 a 4500
005 20241022063654.0
008 991125s1971 nue 000 0 spa u
035 _aUPN01000030925
049 _aF
050 4 _aHQ766 R4.3
111 2 _aReunión Interregional de Expertos sobre los Aspectos de Asistencia Social de la Planificación de la Familia 1971
_d1971
_cNueva York
245 1 0 _aInforme de la Reunión Interregional de Expertos sobre los Aspectos de Asistencia Social de la Planificación de la Familia
260 _aNueva York :
_bONU,
_c1971
300 _aiv, 54 p.
650 7 _aPlanificación familiar
_2
_91109
650 4 _aServicio social
_96246
902 _aCAV CARLOS AGUILAR VILLA
904 _aAC
_b030926
905 _aLibro
999 _c30925
_d30925